| 000 | 01775 am a2200457 a 4500 | ||
|---|---|---|---|
| 005 | 20240523094312.0 | ||
| 008 | 100317s2000||||sp a f |||| 001 0 spa d | ||
| 020 | _a8471013029 | ||
| 041 | _aspa | ||
| 092 |
_c615.83 _l6 _2BAJ |
||
| 100 | 1 |
_aBajo Arenas, J. M. _9481 |
|
| 245 |
_aUltrasonografía Obstétrica / _cJ. M. Bajo Arenas. |
||
| 250 | _a2a ed. | ||
| 260 |
_aMadrid: _bMarbán; _c2000. |
||
| 300 |
_a463 p. _bil. |
||
| 500 | _aBajo Arenas, J. M. (2000). Ultrasonografía Obstetrica. (2a ed.). Madrid : Marbán. | ||
| 590 | _aDonación Ernesto Rosemberg, Julio 2009 | ||
| 653 | _aExamen ecográfico en la gestación hormonal | ||
| 653 | _aEcografía transvaginal en el primer trimestre | ||
| 653 | _aUltrasonografía transvaginal en el diagnóstico de malformaciones en el primero y comienzos del segundo trimestre | ||
| 653 | _aEmbarazo ectópico | ||
| 653 | _aAnatomía ecográfica fetal | ||
| 653 | _aIndicadores ecográficos de cromosomopatías | ||
| 653 | _aMalformaciones del SNC | ||
| 653 | _aCardiopatías congénitas | ||
| 653 | _aPatología pulmonar fetal | ||
| 653 | _aMalformaciones de la pared abdominal | ||
| 653 | _aExploración ecográfica del aparato urinario fetal | ||
| 653 | _aMalformaciones musculoesqueléticas | ||
| 653 | _aValoración ecográfica de la placenta | ||
| 653 | _aValoración ecográfica del líquido amniótico | ||
| 653 | _aValoración ecográfica del cordón umbilical | ||
| 653 | _aGestación gemelar | ||
| 653 | _aDiagnóstico ecográfico del sexo fetal | ||
| 653 | _aEcografía en el crecimiento intrauterino | ||
| 653 | _aPerfil biofísico fetal | ||
| 653 | _aFluxometría Doppler en obstetricia | ||
| 653 | _aPatología asociada al embarazo | ||
| 930 | _a2002 | ||
| 942 |
_2ddc _cBK |
||
| 999 |
_c136 _d136 |
||